LEADER 02117nam0 22005293i 450 001 SBL0094341 005 20251003044349.0 020 $aIT$b698098 100 $a20141229d1969 ||||0itac50 ba 101 | $aita 102 $ait 181 1$6z01$ai $bxxxe 182 1$6z01$an 200 1 $aIncertezze sull'individuo$fdi Giuseppe Capograssi 210 $aMilano$cA. Giuffrè$dstampa 1969 215 $aXVI, 219 p.$d21 cm 225 | $aValori politici$v8 300 $aScritti già pubbl. 410 0$1001RAV0029695$12001 $aValori politici$v8 606 $aIndividuo e società$2FIR$3CFIC000521$9E 606 $aDiritto$xSaggi$2FIR$3CFIC001180$9I 606 $aDiritto$2FIR$3CFIC007118$9E 676 $a190$9Filosofia occidentale$v14 676 $a195$9Filosofia occidentale moderna. Italia$v14 676 $a195$9FILOSOFIA OCCIDENTALE MODERNA. ITALIA$v22 676 $a302.5$9INTERAZIONE SOCIALE. Relazione del singolo con la societa$v14 676 $a340$9DIRITTO$v12 676 $a340$9DIRITTO$v21 676 $a340.1$9DIRITTO. FILOSOFIA E TEORIA$v20 676 $a340.1$9DIRITTO. FILOSOFIA E TEORIA$v21 696 $aAspetti giuridici 696 $aAspetti giuridici 699 $aDiritto$zAspetti giuridici 699 $aDiritto$zAspetti giuridici 700 1$aCapograssi$b, Giuseppe$3CFIV096142$4070$0160447 801 3$aIT$bIT-000000$c20141229 850 $aIT-BN0095 $aIT-NA0603 $aIT-NA0647 $aIT-AV0007 901 $bNAP 01$cD $n$ 901 $bNAP 09$cS. LETTURA$n$ 901 $bNAP 65$cSEZ. B $n$ 901 $bNAP AV$cSEZ. M $nSezione Moderna 901 $bNAP AV$cSULLO $n$ 912 $aSBL0094341 950 0$aBiblioteca Centralizzata di Ateneo$d 01D (AR) 24 679$e 01AR 0700246795 VMA A4(0008 v. 8$fC $h19990225$i20181217$d 01D (AR) 27 248$e 01AR 0700272485 VMA 1 v.$fY $h20250616$i20250616 977 $a 01$a 09$a 65$a AV 996 $aIncertezze sull'individuo$9688319 997 $aUNISANNIO